2026 FIFA World Cup Teams - Statistics

General Stats
  • This quiz has been taken 89 times
    5 since last reset
  • The average score is 42 of 48
Answer Stats
Group Team % Correct
Group J Argentina
100%
Group J Austria
100%
Group G Belgium
100%
Group C Brazil
100%
Group B Canada
100%
Group K Colombia
100%
Group L Croatia
100%
Group E Ecuador
100%
Group G Egypt
100%
Group I France
100%
Group E Germany
100%
Group C Haiti
100%
Group G Iran
100%
Group I Iraq
100%
Group F Japan
100%
Group A Mexico
100%
Group F Netherlands
100%
Group K Portugal
100%
Group B Qatar
100%
Group I Senegal
100%
Group A South Africa
100%
Group A South Korea
100%
Group H Spain
100%
Group F Sweden
100%
Group D United States
100%
Group J Algeria
80%
Group D Australia
80%
Group B Bosnia and Herzegovina
80%
Group A Czech Republic
80%
Group L England
80%
Group J Jordan
80%
Group C Morocco
80%
Group G New Zealand
80%
Group I Norway
80%
Group L Panama
80%
Group H Saudi Arabia
80%
Group B Switzerland
80%
Group F Tunisia
80%
Group D Turkey
80%
Group H Uruguay
80%
Group K Uzbekistan
80%
Group E Curaçao
60%
Group L Ghana
60%
Group E Ivory Coast
60%
Group D Paraguay
60%
Group C Scotland
60%
Group H Cape Verde
40%
Group K Democratic Republic of Congo
40%
No matching quizzes found
Score Distribution
Percent of People with Each Score
Percentile by Number Answered
Your Score History
You have not taken this quiz since the last reset